000 00671nam a2200193 a 4500
001 BRCA_277
005 20190320202937.0
008 300508s1993----mx-a---###---#000-0#spa-#
020 _a9686120270
050 4 _aF1211
_b.C53 1993
100 1 _aChambers Gooch, Fanny
_9926
245 1 0 _aLos mexicanos vistos de cerca
_cpor Fanny Chambers Gooch ; traducción, estudio preliminar y notas de Luis Everaert Dubernard.
260 _aMéxico
_bBanco de México
_c1993
300 _a554 p.
_bil.
_c26 cm.
650 1 4 _aVida cotidiana
_ySiglo XIX
_zMéxico
_9927
650 1 4 _aLibros de viajeros extranjeros en México
_9928
700 1 _aEveraert Dubernard, Luis
_9929
942 _2lcc
_cB
999 _c222
_d222